[Event "Arequipa Llerena Memorial U2200"]
[Site "Arequipa"]
[Date "2016.12.09"]
[Round "3.1"]
[White "Gonzales Curse, Flavio"]
[Black "Mamani, Joan Franco"]
[Result "1-0"]
[WhiteElo "2019"]
[BlackElo "2178"]
[PlyCount "121"]
[EventDate "2016.12.08"]
[EventType "swiss"]
[EventRounds "7"]
[EventCountry "PER"]
[SourceTitle "EXT 2024"]
[Source "ChessBase"]
[SourceDate "2023.10.10"]
[SourceVersion "1"]
[SourceVersionDate "2023.10.10"]
[SourceQuality "1"]

1. d4 d6 2. c4 f5 3. Nf3 Nf6 4. Nc3 e6 5. g3 Be7 6. Bg2 0-0 7. 0-0 a5 8. Qc2 Nc6 9. Rd1 Qe8 10. a3 e5 11. dxe5 dxe5 12. Nd5 Bd8 13. h4 h6 14. b3 Qh5 15. Bb2 Ng4 16. b4 f4 17. b5 Ne7 18. Qc3 Ng6 19. Nxf4 Nxf4 20. gxf4 Bxh4 21. Nxh4 Qxh4 22. Qg3 Qxg3 23. fxg3 exf4 24. gxf4 Ne3 25. Rd4 Nc2 26. Bd5+ Kh8 27. Re4 c6 28. bxc6 bxc6 29. Bxc6 Ra6 30. Bd5 Nxa1 31. Bxa1 Rg6+ 32. Kf2 h5 33. Re5 Bg4 34. e3 Bf5 35. e4 Bg4 36. f5 h4 37. Ke3 Rh6 38. Re7 Rh7 39. Be5 h3 40. Bh2 Bd1 41. c5 Rh4 42. Be6 Bc2 43. Bd7 Rh6 44. c6 Ba4 45. Re6 Kh7 46. e5 Rh4 47. Re7 Rc4 48. f6 Bxc6 49. Rxg7+ Kh8 50. Bf5 Rc3+ 51. Kf4 Rf3+ 52. Kg5 Rf2 53. Rh7+ Kg8 54. Rg7+ Kh8 55. Rh7+ Kg8 56. Rxh3 Re8 57. e6 Rg2+ 58. Bg3 Ra8 59. f7+ Kg7 60. Rh7+ Kf8 61. Kf6 1-0

[Event "Arequipa Llerena Memorial U2200"]
[Site "Arequipa"]
[Date "2016.12.08"]
[Round "1.2"]
[White "Valenzuela Pumarimay, Cesar"]
[Black "Mamani, Joan Franco"]
[Result "0-1"]
[WhiteElo "1642"]
[BlackElo "2178"]
[PlyCount "102"]
[EventDate "2016.12.08"]
[EventType "swiss"]
[EventRounds "7"]
[EventCountry "PER"]
[SourceTitle "EXT 2024"]
[Source "ChessBase"]
[SourceDate "2023.10.10"]
[SourceVersion "1"]
[SourceVersionDate "2023.10.10"]
[SourceQuality "1"]

1. e4 c5 2. c3 Nc6 3. d3 Nf6 4. Nf3 d6 5. Be2 g6 6. Bg5 Bg7 7. h4 Bg4 8. Nbd2 Rb8 9. Nh2 Bxe2 10. Qxe2 b5 11. Rb1 Qa5 12. a3 Qc7 13. 0-0 0-0 14. f4 Nh5 15. Qf3 f6 16. g4 fxg5 17. gxh5 Rxf4 18. Qg2 Rxh4 19. hxg6 h6 20. Ndf3 Rf4 21. Nxg5 hxg5 22. Qxg5 Rf6 23. Ng4 Ne5 24. Nxf6+ exf6 25. Qh5 Qd7 26. Rf5 Qe8 27. Qh7+ Kf8 28. Rbf1 Qxg6+ 29. Qxg6 Nxg6 30. Rxf6+ Bxf6 31. Rxf6+ Kg7 32. Rxd6 Rb7 33. Rd5 Nf4 34. Rd6 Kf7 35. e5 Ke7 36. Kf2 Rd7 37. Ke3 Nd5+ 38. Ke4 Rxd6 39. exd6+ Kxd6 40. c4 Nf6+ 41. Kf5 bxc4 42. dxc4 Nd7 43. Ke4 Ne5 44. b3 a5 45. a4 Nc6 46. Kd3 Ke5 47. Kc3 Nb4 48. Kb2 Kd4 49. Ka3 Nd3 50. Ka2 Kc3 51. Ka3 Nc1 0-1

[Event "Arequipa Copa del Rey 3rd"]
[Site "Arequipa"]
[Date "2014.11.01"]
[Round "3"]
[White "Mamani, Joan Franco"]
[Black "Flores, Guillermo"]
[Result "1-0"]
[WhiteElo "2193"]
[BlackElo "2071"]
[PlyCount "69"]
[EventDate "2014.10.31"]
[EventType "swiss"]
[EventRounds "7"]
[EventCountry "PER"]
[SourceTitle "EXT 2018"]
[Source "ChessBase"]
[SourceDate "2017.10.13"]
[SourceVersion "1"]
[SourceVersionDate "2017.10.13"]
[SourceQuality "1"]

1. g3 Nf6 2. Bg2 e6 3. d3 d5 4. Nd2 Be7 5. e4 0-0 6. Ngf3 b6 7. e5 Nfd7 8. 0-0 c5 9. Re1 Bb7 10. h4 Qc7 11. c3 Nc6 12. Qe2 Rfe8 13. Bh3 Bf8 14. Nf1 b5 15. Bf4 b4 16. Ng5 h6 17. Nf3 Ba6 18. c4 Nb6 19. b3 Red8 20. N1h2 Rd7 21. h5 Bb7 22. Rad1 a5 23. g4 a4 24. g5 axb3 25. axb3 Ra3 26. Rb1 Qd8 27. gxh6 gxh6 28. Ng4 dxc4 29. Nf6+ Qxf6 30. exf6 cxd3 31. Qd2 Kh7 32. Rxe6 fxe6 33. Bxe6 Rd4 34. Bf5+ Kh8 35. Bxh6 1-0

[Event "Lima Circulo Peruano 5th"]
[Site "Lima"]
[Date "2014.02.20"]
[Round "4"]
[White "Mamani, Joan Franco"]
[Black "Celestino Pino, Alisson Nicole"]
[Result "1-0"]
[WhiteElo "2204"]
[BlackElo "1503"]
[PlyCount "39"]
[EventDate "2014.02.17"]
[EventType "swiss"]
[EventRounds "7"]
[EventCountry "PER"]
[SourceTitle "CBM 159 Extra"]
[Source "ChessBase"]
[SourceDate "2014.04.24"]
[SourceVersion "1"]
[SourceVersionDate "2014.04.24"]
[SourceQuality "1"]

1. e4 d5 2. exd5 Qxd5 3. Nf3 Bg4 4. Be2 Nc6 5. d4 Nf6 6. 0-0 e6 7. c4 Qf5 8. Be3 0-0-0 9. Nc3 Bb4 10. Nb5 Kb8 11. a3 Be7 12. b4 a6 13. Nc3 Ne4 14. Nxe4 Qxe4 15. Qa4 Nxd4 16. Nxd4 Bf6 17. Bxg4 Qxg4 18. f3 Qh5 19. Rad1 Qe5 20. Bf2 1-0

[Event "Lima IRT op 4th"]
[Site "Lima"]
[Date "2014.01.27"]
[Round "7"]
[White "Mamani, Joan Franco"]
[Black "Palacios Llancari, Jose Wilfredo"]
[Result "1-0"]
[WhiteElo "2204"]
[BlackElo "1771"]
[PlyCount "106"]
[EventDate "2014.01.22"]
[EventType "swiss"]
[EventRounds "7"]
[EventCountry "PER"]
[SourceTitle "CBM 158 Extra"]
[Source "ChessBase"]
[SourceDate "2014.02.28"]
[SourceVersion "1"]
[SourceVersionDate "2014.02.28"]
[SourceQuality "1"]

1. g3 g6 2. Bg2 Bg7 3. e4 d6 4. Ne2 Nf6 5. d4 0-0 6. 0-0 e5 7. d5 Re8 8. c4 Nbd7 9. Nbc3 a5 10. Rb1 Nc5 11. b3 h6 12. a3 Bd7 13. b4 axb4 14. axb4 Na4 15. Nxa4 Rxa4 16. Nc3 Ra8 17. Qd3 Nh7 18. Be3 f5 19. f3 Qf6 20. c5 f4 21. Bd2 h5 22. c6 bxc6 23. dxc6 Be6 24. Nd5 Bxd5 25. Qxd5+ Kh8 26. b5 fxg3 27. hxg3 h4 28. Kf2 hxg3+ 29. Kxg3 g5 30. Bh3 Ra4 31. Bf5 Rd4 32. Qa2 d5 33. Rh1 Bh6 34. Be3 dxe4 35. fxe4 Rd3 36. Qe2 Red8 37. Kg2 Kg8 38. Rxh6 Qxh6 39. Rh1 Qf6 40. Bxh7+ Kg7 41. Bf5 Rc3 42. Rh7+ Kg8 43. Qa2+ Kf8 44. Bd2 Rb3 45. Qxb3 Rxd2+ 46. Kg3 g4 47. Qb4+ Rd6 48. Rxc7 Qh6 49. Bxg4 Qf4+ 50. Kh3 Qf1+ 51. Kg3 Qf4+ 52. Kh3 Qf1+ 53. Kh4 Qf2+ 1-0

[Event "Lima 1st"]
[Site "Lima"]
[Date "2013.11.29"]
[Round "5"]
[White "Gemy Vargas, Jose Daniel"]
[Black "Mamani, Joan Franco"]
[Result "1/2-1/2"]
[WhiteElo "2329"]
[BlackElo "2200"]
[PlyCount "141"]
[EventDate "2013.11.27"]
[EventType "tourn"]
[EventRounds "9"]
[EventCountry "PER"]
[EventCategory "2"]
[SourceTitle "CBM 157 Extra"]
[Source "ChessBase"]
[SourceDate "2013.12.19"]
[SourceVersion "1"]
[SourceVersionDate "2013.12.19"]
[SourceQuality "1"]

1. b3 d6 2. Bb2 e5 3. e3 Nd7 4. d4 g6 5. dxe5 dxe5 6. Nf3 Bg7 7. Nbd2 Ne7 8. Ne4 0-0 9. Qd2 Nc6 10. Bb5 Ndb8 11. 0-0-0 Qe7 12. Bc4 a6 13. Kb1 b5 14. Bd5 a5 15. Qc3 Ra6 16. Qc5 Qxc5 17. Nxc5 Rb6 18. Nd3 Bg4 19. h3 Bxf3 20. Bxf3 Re8 21. Bd5 Na6 22. f4 exf4 23. exf4 Nab4 24. Ne5 Nxd5 25. Rxd5 Nb8 26. Rhd1 f6 27. Nf3 Kf7 28. f5 Bf8 29. Rf1 g5 30. g4 c5 31. Re1 Rxe1+ 32. Nxe1 Rd6 33. Rxd6 Bxd6 34. Nf3 Nc6 35. Kc1 Nb4 36. a4 bxa4 37. bxa4 Nd5 38. Nd2 Nf4 39. Nc4 Bc7 40. Bc3 Nxh3 41. Bxa5 Bf4+ 42. Kb1 h5 43. gxh5 g4 44. Bb6 g3 45. Bxc5 g2 46. a5 Bg3 47. Nd2 Bd6 48. Bb6 g1Q+ 49. Bxg1 Nxg1 50. a6 Bb8 51. Ne4 Ne2 52. Nd6+ Kg7 53. Nb5 Ng3 54. c4 Nxf5 55. c5 Ne7 56. a7 Bxa7 57. Nxa7 Kh6 58. Kc2 f5 59. Kd3 Kxh5 60. Kd4 Kg4 61. c6 f4 62. c7 f3 63. Ke5 f2 64. Ke6 f1Q 65. Kxe7 Qe2+ 66. Kd7 Qd3+ 67. Kc6 Qc4+ 68. Kb7 Qd5+ 69. Nc6 Qb5+ 70. Ka7 Qxc6 71. Kb8 1/2-1/2

[Event "Lima 1st"]
[Site "Lima"]
[Date "2013.11.28"]
[Round "2"]
[White "Mamani, Joan Franco"]
[Black "Condori Aranya, Edwin"]
[Result "1-0"]
[WhiteElo "2200"]
[BlackElo "2162"]
[PlyCount "147"]
[EventDate "2013.11.27"]
[EventType "tourn"]
[EventRounds "9"]
[EventCountry "PER"]
[EventCategory "2"]
[SourceTitle "CBM 157 Extra"]
[Source "ChessBase"]
[SourceDate "2013.12.19"]
[SourceVersion "1"]
[SourceVersionDate "2013.12.19"]
[SourceQuality "1"]

1. g3 g6 2. Bg2 Bg7 3. e4 c5 4. Ne2 Nc6 5. 0-0 d6 6. c3 e5 7. Na3 Nge7 8. Nc2 Qb6 9. h3 0-0 10. g4 f5 11. exf5 gxf5 12. gxf5 Nxf5 13. Ng3 Nxg3 14. fxg3 Rxf1+ 15. Bxf1 Be6 16. Ne3 d5 17. d3 Rf8 18. Bg2 Ne7 19. Qh5 Bf7 20. Qg5 Qe6 21. c4 d4 22. Ng4 Bg6 23. Nf2 b5 24. b3 Kh8 25. Bd2 Nf5 26. Bd5 Qd7 27. Qg4 bxc4 28. bxc4 Qa4 29. Be4 Qc2 30. Qd1 Qxd1+ 31. Rxd1 Rb8 32. g4 Ne3 33. Re1 Bh6 34. Bxg6 hxg6 35. Ne4 Rb2 36. Bc1 Rg2+ 37. Kh1 Bf4 38. Bxe3 Rh2+ 39. Kg1 dxe3 40. Rxe3 Rxa2 41. Re1 a5 42. Nxc5 Bg3 43. Rf1 a4 44. Ne4 Bh2+ 45. Kh1 a3 46. Rf8+ Kg7 47. Ra8 Bf4 48. c5 Rh2+ 49. Kg1 Rc2 50. Ra7+ Kf8 51. Rxa3 Be3+ 52. Kf1 Bxc5 53. Nxc5 Rxc5 54. Kf2 Rc2+ 55. Kg3 Kf7 56. Kh4 Rh2 57. Ra5 Kf6 58. Ra6+ Kf7 59. Rd6 Rh1 60. Ra6 Rd1 61. Ra3 Kf6 62. Kg3 Rg1+ 63. Kh4 Rd1 64. Ra6+ Kf7 65. Kg5 Rxd3 66. h4 Rg3 67. Rf6+ Ke7 68. Rxg6 e4 69. Kf5 e3 70. Re6+ Kf7 71. Re4 Rf3+ 72. Kg5 Rh3 73. h5 Kg7 74. Kf4 1-0

[Event "Pan American-ch U20"]
[Site "Bogota"]
[Date "2013.07.12"]
[Round "5"]
[White "Mamani, Joan Franco"]
[Black "Henriquez Villagra, Cristobal"]
[Result "1-0"]
[WhiteElo "2187"]
[BlackElo "2361"]
[PlyCount "127"]
[EventDate "2013.07.10"]
[EventType "swiss"]
[EventRounds "9"]
[EventCountry "COL"]
[SourceTitle "CBM 155 Extra"]
[Source "ChessBase"]
[SourceDate "2013.08.26"]
[SourceVersion "1"]
[SourceVersionDate "2013.08.26"]
[SourceQuality "1"]

1. e4 c5 2. Nf3 d6 3. d4 cxd4 4. Nxd4 Nf6 5. Nc3 a6 6. g3 e5 7. Nb3 Be7 8. Bg2 Nbd7 9. 0-0 b6 10. Re1 Bb7 11. Nd2 b5 12. a3 Nc5 13. Nf1 0-0 14. b4 Ncd7 15. Ne3 Rc8 16. Qd3 Qc7 17. Bd2 Nb6 18. a4 Nc4 19. Nxc4 bxc4 20. Qe2 Rfd8 21. Rab1 h6 22. b5 axb5 23. Nxb5 Qd7 24. Ba5 Re8 25. Qf1 Ra8 26. Nc7 Rxa5 27. Rxb7 Rf8 28. Reb1 Qxa4 29. Nb5 Re8 30. Qd1 Bf8 31. Qd2 Qa2 32. Nc3 Qa3 33. Rc7 Rc5 34. Rcb7 Qa8 35. h3 Rec8 36. g4 R5c7 37. R7b5 Rc5 38. R5b4 Ra5 39. Rb7 Ra1 40. Kh2 Rxb1 41. Rxb1 Qa5 42. Rb5 Qa6 43. Bf3 d5 44. exd5 e4 45. Bg2 Bd6+ 46. Kg1 Be5 47. Rb1 Rb8 48. Rd1 Qa3 49. Ne2 Qb2 50. f4 exf3 51. Bxf3 Qa3 52. Bg2 Qc5+ 53. Kh1 c3 54. Qd3 g6 55. Ng1 Rd8 56. Ne2 Rd6 57. Nc1 Nxd5 58. Bxd5 Qf2 59. Qe2 Qg3 60. Qg2 Qe3 61. Qf3 Qa7 62. Qe4 Bg3 63. Rf1 Bf2 64. Nd3 1-0

[Event "Pan American-ch U20"]
[Site "Bogota"]
[Date "2013.07.10"]
[Round "1"]
[White "Ribero, Guillermo Andres"]
[Black "Mamani, Joan Franco"]
[Result "0-1"]
[WhiteElo "1761"]
[BlackElo "2187"]
[PlyCount "74"]
[EventDate "2013.07.10"]
[EventType "swiss"]
[EventRounds "9"]
[EventCountry "COL"]
[SourceTitle "CBM 155 Extra"]
[Source "ChessBase"]
[SourceDate "2013.08.26"]
[SourceVersion "1"]
[SourceVersionDate "2013.08.26"]
[SourceQuality "1"]

1. e4 g6 2. d4 Bg7 3. f4 d6 4. Nf3 f5 5. e5 c6 6. c4 Nh6 7. Nc3 Nf7 8. h4 c5 9. exd6 Qxd6 10. Be3 cxd4 11. Nb5 Qb4+ 12. Bd2 Qc5 13. b4 Qc6 14. Nfxd4 Qd7 15. Bc3 a6 16. Na3 Nc6 17. Nac2 0-0 18. Rh3 e5 19. fxe5 Ncxe5 20. Be2 f4 21. h5 Qe7 22. hxg6 hxg6 23. Rh2 f3 24. gxf3 Nxf3+ 25. Nxf3 Bxc3+ 26. Kf2 Ne5 27. Rg2 Bg4 28. Qd5+ Kg7 29. Rg3 Bxa1 30. Nxa1 Bxf3 31. Bxf3 Rxf3+ 32. Rxf3 Nxf3 33. Kxf3 Rf8+ 34. Kg4 Qe2+ 35. Kh3 Rf3+ 36. Kh4 Qh2+ 37. Kg4 Qg3# 0-1

[Event "Arequipa GP Peru Sur"]
[Site "Arequipa"]
[Date "2013.06.28"]
[Round "4"]
[White "Mamani, Joan Franco"]
[Black "Aliaga Fernandez, Ingrid Yadira"]
[Result "0-1"]
[WhiteElo "2187"]
[BlackElo "2156"]
[PlyCount "77"]
[EventDate "2013.06.27"]
[EventType "swiss"]
[EventRounds "8"]
[EventCountry "PER"]
[SourceTitle "EXT 2018"]
[Source "ChessBase"]
[SourceDate "2017.10.13"]
[SourceVersion "1"]
[SourceVersionDate "2017.10.13"]
[SourceQuality "1"]

1. g3 Nf6 2. Bg2 d5 3. d3 c5 4. Nd2 Nc6 5. e4 e5 6. Ne2 Be7 7. 0-0 0-0 8. h3 dxe4 9. dxe4 b6 10. Nc3 Ba6 11. Re1 Qd7 12. Nd5 Rad8 13. Nf1 Nb4 14. Nfe3 c4 15. Nxf6+ Bxf6 16. Qf3 Bg5 17. Nf5 Bf6 18. Ne3 Bg5 19. Nd5 Bxc1 20. Nxb4 Qd2 21. Qc3 Qxc3 22. bxc3 Bd2 23. Nxa6 Bxc3 24. Nc7 Bxa1 25. Rxa1 Rd2 26. Rc1 Rc8 27. Nd5 Rc5 28. Ne3 g6 29. Kf1 Rd4 30. Ke1 c3 31. Rb1 Ra4 32. Ke2 Rxa2 33. Rb3 Kg7 34. f4 f6 35. Bf3 b5 36. Kd3 Ra4 37. Nd5 Rd4+ 38. Ke3 a5 39. Be2 0-1

[Event "Lima IPD Cup"]
[Site "Lima"]
[Date "2013.01.25"]
[Round "6"]
[White "Contreras, Jose"]
[Black "Mamani, Joan Franco"]
[Result "0-1"]
[WhiteElo "2186"]
[BlackElo "1959"]
[PlyCount "84"]
[EventDate "2013.01.22"]
[EventType "swiss"]
[EventRounds "9"]
[EventCountry "PER"]
[SourceTitle "CBM 152 Extra"]
[Source "ChessBase"]
[SourceDate "2013.02.25"]
[SourceVersion "1"]
[SourceVersionDate "2013.02.25"]
[SourceQuality "1"]

1. e4 g6 2. Ne2 Bg7 3. g3 d5 4. Bg2 dxe4 5. Bxe4 Nf6 6. Bg2 0-0 7. 0-0 c6 8. d4 Bf5 9. Nd2 Nbd7 10. Nc4 Be4 11. f3 Bf5 12. Ne3 Qa5 13. Bd2 Qb6 14. Nxf5 gxf5 15. Rb1 Ne5 16. Be3 Ng6 17. Qd3 Nd5 18. Bf2 f4 19. c4 fxg3 20. hxg3 Qa6 21. Qc2 Nf6 22. Rfd1 e6 23. Rd3 Qa5 24. b4 Qg5 25. b5 Rac8 26. bxc6 bxc6 27. Rb7 a6 28. Ra3 c5 29. Be3 Qh5 30. Ra5 Bh6 31. Bf2 e5 32. Rxa6 Bg7 33. g4 Qg5 34. dxe5 Qxe5 35. Ng3 Nh4 36. Nf5 Nxf5 37. Qxf5 Qc3 38. g5 Nh5 39. Bf1 Bd4 40. Rh6 Bxf2+ 41. Kg2 Nf4+ 42. Qxf4 Qc2 0-1

[Event "Lima Morales Memorial op 3rd"]
[Site "Lima"]
[Date "2013.??.??"]
[Round "10"]
[White "Mamani, Joan Franco"]
[Black "Cordova Vicente, Rodrigo J"]
[Result "1/2-1/2"]
[WhiteElo "2183"]
[BlackElo "2052"]
[PlyCount "66"]
[EventDate "2013.02.02"]
[EventType "swiss"]
[EventRounds "11"]
[EventCountry "PER"]
[SourceTitle "CBM 153 Extra"]
[Source "ChessBase"]
[SourceDate "2013.04.22"]
[SourceVersion "1"]
[SourceVersionDate "2013.04.22"]
[SourceQuality "1"]

1. e4 c5 2. Nf3 e6 3. Nc3 a6 4. g3 Qc7 5. Bg2 Nc6 6. 0-0 d6 7. d3 Nf6 8. Ng5 Be7 9. f4 h6 10. Nh3 b5 11. Kh1 b4 12. Ne2 Bb7 13. Nf2 e5 14. a3 a5 15. c4 Nd7 16. Be3 Nd4 17. Ng1 Qb6 18. Rb1 0-0-0 19. axb4 axb4 20. Nf3 Nxf3 21. Qxf3 Kc7 22. Bh3 Bf6 23. Bxd7 Rxd7 24. Ng4 h5 25. Nxf6 gxf6 26. f5 Rdd8 27. Rg1 Qc6 28. Ra1 Ra8 29. Rxa8 Bxa8 30. g4 Qa4 31. gxh5 Qc2 32. Bc1 Rxh5 33. Qxh5 Bxe4+ 1/2-1/2

[Event "Lima Morales Memorial op 3rd"]
[Site "Lima"]
[Date "2013.??.??"]
[Round "8"]
[White "Mamani, Joan Franco"]
[Black "Palacios, Efrain"]
[Result "1/2-1/2"]
[WhiteElo "2183"]
[BlackElo "2186"]
[PlyCount "88"]
[EventDate "2013.02.02"]
[EventType "swiss"]
[EventRounds "11"]
[EventCountry "PER"]
[SourceTitle "CBM 153 Extra"]
[Source "ChessBase"]
[SourceDate "2013.04.22"]
[SourceVersion "1"]
[SourceVersionDate "2013.04.22"]
[SourceQuality "1"]

1. e4 c5 2. Nc3 Nc6 3. Nf3 g6 4. d4 cxd4 5. Nxd4 Bg7 6. Nde2 Nf6 7. g3 0-0 8. Bg2 d6 9. 0-0 Bd7 10. h3 Rc8 11. Be3 a6 12. Nd5 Nxd5 13. exd5 Na5 14. c3 Bb5 15. Re1 Bxe2 16. Qxe2 Nc4 17. Bg5 Bf6 18. Bxf6 exf6 19. b3 Ne5 20. c4 f5 21. Rac1 Qb6 22. Rc3 a5 23. Rec1 Rfe8 24. Qb2 Qd4 25. Qc2 Nd7 26. a3 Re5 27. Rd1 Qb6 28. Bf3 Rce8 29. Kf1 h5 30. Qd2 Qd8 31. b4 b6 32. Rcc1 h4 33. g4 fxg4 34. Bxg4 f5 35. Bf3 Kg7 36. Re1 axb4 37. axb4 Qf6 38. Rxe5 Rxe5 39. Ra1 g5 40. Ra7 Re7 41. Bd1 Ne5 42. Rxe7+ Qxe7 43. c5 bxc5 44. bxc5 dxc5 1/2-1/2

[Event "Bogota McGregor op 3rd"]
[Site "Bogota"]
[Date "2012.12.14"]
[Round "5"]
[White "Mamani, Joan Franco"]
[Black "Pacheco, Marco"]
[Result "1/2-1/2"]
[WhiteElo "2146"]
[BlackElo "2399"]
[PlyCount "52"]
[EventDate "2012.12.12"]
[EventType "swiss"]
[EventRounds "9"]
[EventCountry "COL"]
[SourceTitle "EXT 2014"]
[Source "ChessBase"]
[SourceDate "2013.11.20"]
[SourceVersion "1"]
[SourceVersionDate "2013.11.20"]
[SourceQuality "1"]

1. e4 e6 2. d4 d5 3. Nd2 c5 4. Ngf3 cxd4 5. exd5 Qxd5 6. Bc4 Qd6 7. 0-0 Nf6 8. Nb3 Nc6 9. Nbxd4 Nxd4 10. Qxd4 Bd7 11. Bf4 Qxd4 12. Nxd4 Rc8 13. Bd3 Bc5 14. Nb3 Be7 15. Be3 a6 16. c4 Ng4 17. Bd4 Bf6 18. Rac1 Ba4 19. Nc5 Bxd4 20. Nxa4 Ke7 21. Be2 h5 22. c5 g5 23. b4 Ne5 24. Rfd1 Rcd8 25. Nb6 g4 26. Nc4 Nxc4 1/2-1/2

[Event "Bogota McGregor op 3rd"]
[Site "Bogota"]
[Date "2012.12.12"]
[Round "1"]
[White "Martinez, Mauricio"]
[Black "Mamani, Joan Franco"]
[Result "0-1"]
[WhiteElo "2006"]
[BlackElo "2146"]
[PlyCount "92"]
[EventDate "2012.12.12"]
[EventType "swiss"]
[EventRounds "9"]
[EventCountry "COL"]
[SourceTitle "EXT 2014"]
[Source "ChessBase"]
[SourceDate "2013.11.20"]
[SourceVersion "1"]
[SourceVersionDate "2013.11.20"]
[SourceQuality "1"]

1. e4 c5 2. Nf3 d6 3. d4 cxd4 4. Qxd4 a6 5. c4 Nc6 6. Qd1 g6 7. Nc3 Bg7 8. h3 Nf6 9. Be3 0-0 10. Qd2 Be6 11. Nd4 Rc8 12. b3 Nxd4 13. Bxd4 b5 14. cxb5 Rxc3 15. Qxc3 Nxe4 16. Bxg7 Nxc3 17. Bxc3 axb5 18. Bxb5 Qc7 19. Bd2 Qb7 20. Bf1 Ra8 21. f3 Qb6 22. a4 Qxb3 23. a5 d5 24. Be2 Qb2 25. Rd1 d4 26. Bd3 f5 27. 0-0 Bb3 28. Rb1 Qxd2 29. Rxb3 Rxa5 30. Bc4+ Kg7 31. Rd3 Qb4 32. Bb3 e5 33. Be6 Qd6 34. Bc4 e4 35. fxe4 fxe4 36. Rf7+ Kh6 37. Rb3 Ra1+ 38. Bf1 d3 39. Rbb7 d2 40. h4 Rxf1+ 41. Rxf1 d1Q 42. Rxd1 Qxd1+ 43. Kf2 Qd2+ 44. Kg3 e3 45. Kh3 e2 46. g4 Qe3+ 0-1

[Event "Pan American-ch U20"]
[Site "Sao Paulo"]
[Date "2012.07.03"]
[Round "8"]
[White "Mamani, Joan Franco"]
[Black "Gotz, Klaus Seiji Furucho"]
[Result "1-0"]
[WhiteElo "2163"]
[BlackElo "2005"]
[PlyCount "111"]
[EventDate "2012.06.29"]
[EventType "swiss"]
[EventRounds "9"]
[EventCountry "BRA"]
[SourceTitle "CBM 149 Extra"]
[Source "ChessBase"]
[SourceDate "2012.08.24"]
[SourceVersion "1"]
[SourceVersionDate "2012.08.24"]
[SourceQuality "1"]

1. e4 c5 2. Ne2 g6 3. g3 Nc6 4. Bg2 Bg7 5. c3 e6 6. d4 cxd4 7. cxd4 d5 8. exd5 exd5 9. Nbc3 Nge7 10. 0-0 0-0 11. Bg5 Be6 12. Qd2 Qd7 13. Bh6 Bh3 14. Bxg7 Kxg7 15. Nf4 Bxg2 16. Kxg2 Rad8 17. Rfe1 Qc7 18. Rad1 Qa5 19. g4 h6 20. Re3 Ng8 21. Nfe2 b5 22. a3 b4 23. axb4 Qxb4 24. Rh3 Rfe8 25. Nf4 Nce7 26. Re1 Rb8 27. Re2 Qd6 28. Re5 Qb4 29. Re2 Qd6 30. Re5 Qb4 31. Nfxd5 Nxd5 32. Rxd5 Qxb2 33. Qf4 Qb7 34. Rf3 Rbc8 35. Rc5 Qd7 36. Rxc8 Rxc8 37. d5 Rd8 38. h3 Qe7 39. Qd4+ f6 40. Ne4 Re8 41. Nc5 Qe5 42. Qd3 Ne7 43. Re3 Qd6 44. Qd4 Nxd5 45. Rxe8 Nf4+ 46. Qxf4 Qxf4 47. Ne6+ Kf7 48. Nxf4 Kxe8 49. Nxg6 a5 50. Nf4 a4 51. Ne2 Kd7 52. Kf3 Kd6 53. Ke4 a3 54. Nc1 Kc5 55. Kd3 Kb4 56. Kd4 1-0

[Event "Pan American-ch U20"]
[Site "Sao Paulo"]
[Date "2012.06.30"]
[Round "3"]
[White "Takeda, Lucas Koji"]
[Black "Mamani, Joan Franco"]
[Result "1/2-1/2"]
[WhiteElo "1952"]
[BlackElo "2163"]
[PlyCount "69"]
[EventDate "2012.06.29"]
[EventType "swiss"]
[EventRounds "9"]
[EventCountry "BRA"]
[SourceTitle "CBM 149 Extra"]
[Source "ChessBase"]
[SourceDate "2012.08.24"]
[SourceVersion "1"]
[SourceVersionDate "2012.08.24"]
[SourceQuality "1"]

1. d4 d6 2. Nf3 Bg4 3. c4 Nd7 4. e3 e5 5. Be2 Ngf6 6. dxe5 dxe5 7. Nc3 Bb4 8. Bd2 0-0 9. a3 Be7 10. 0-0 c6 11. Qc2 Qc7 12. Rfd1 Rfe8 13. h3 Bh5 14. Nh4 Bxe2 15. Nxe2 e4 16. Nf5 Bf8 17. Nfg3 Bd6 18. b4 g6 19. c5 Be5 20. Bc3 h5 21. Bxe5 Qxe5 22. Nc3 Nf8 23. Rd4 Ne6 24. Rc4 Ng5 25. Rd1 h4 26. Nge2 Rad8 27. Rcd4 Ne6 28. Rxd8 Rxd8 29. Rxd8+ Nxd8 30. Qd2 Ne6 31. Nd4 Nc7 32. Qd1 a6 33. Nde2 Ncd5 34. Nxd5 Nxd5 35. Qd4 1/2-1/2

[Event "South America-ch U20"]
[Site "Asuncion"]
[Date "2012.06.21"]
[Round "8"]
[White "Latorre Lopez Moreira, Luis Matias"]
[Black "Mamani, Joan Franco"]
[Result "1-0"]
[WhiteElo "2235"]
[BlackElo "2157"]
[PlyCount "89"]
[EventDate "2012.06.15"]
[EventType "swiss"]
[EventRounds "9"]
[EventCountry "PAR"]
[SourceTitle "CBM 149 Extra"]
[Source "ChessBase"]
[SourceDate "2012.08.24"]
[SourceVersion "1"]
[SourceVersionDate "2012.08.24"]
[SourceQuality "1"]

1. d4 d6 2. Nf3 g6 3. c4 Bg7 4. Nc3 Nd7 5. g3 e5 6. Bg2 Ne7 7. 0-0 0-0 8. e4 exd4 9. Nxd4 Ne5 10. b3 N7c6 11. Nde2 a5 12. f4 Nd7 13. Rb1 Nc5 14. Be3 Bg4 15. Qd2 Re8 16. Nd4 Bd7 17. Rfe1 Nxd4 18. Bxd4 Bxd4+ 19. Qxd4 Bc6 20. Nd5 Bxd5 21. cxd5 Qd7 22. h4 Qe7 23. Rbc1 Qf8 24. Rc3 Qg7 25. e5 b6 26. Rce3 Re7 27. Bf1 Rd8 28. Bb5 h6 29. Kf2 g5 30. hxg5 hxg5 31. Rh1 dxe5 32. fxe5 Nd7 33. Rhe1 Rde8 34. Qd1 Qg6 35. e6 fxe6 36. dxe6 Qf5+ 37. Kg1 Qxb5 38. exd7 Rxe3 39. Rxe3 Rd8 40. Rd3 Qc5+ 41. Kg2 Qc6+ 42. Qf3 Qe6 43. Qd5 Kf7 44. Rf3+ Ke7 45. Qxg5+ 1-0